| 000 | 01135nam a2200289 a 4500 | ||
|---|---|---|---|
| 001 | 32390 | ||
| 003 | BD-RjUL | ||
| 005 | 20211209051828.0 | ||
| 008 | 181014r19521949enkb b 001 0 eng d | ||
| 035 | _a(BD-RjUL)32479 | ||
| 040 |
_aDLC _cOCP _dZHM _dEQO _dBD-RjUL _beng |
||
| 041 | 1 |
_aeng _hger |
|
| 082 |
_a953 _223 _bBRH 1952 |
||
| 100 | 1 |
_aBrockelmann, Carl, _d1868-1956. _9223747 |
|
| 245 | 1 | 0 |
_aHistory of the Islamic peoples / _cby Carl Brockelmann |
| 260 |
_aLondon : _bRoutledge & Kegan Paul, _c1949. |
||
| 300 |
_axix, 566 p. : _bIll. ; _c23 cm. |
||
| 500 | _aTranslation of: Geschichte der Islamischen Volker und Staaten, 1939. ; [translated by Joel Carmichael and Mosche Perlmann from the German Geschicte der Islamischen Volker und Staaten]. | ||
| 500 | _aBibliography: p. 523-534 - Includes index. | ||
| 650 |
_aIslam _xHistory. _9223748 |
||
| 651 | 0 |
_aIslamic countries _xHistory _9223749 |
|
| 651 | 0 |
_aIslamic Empire _xHistory _9223750 |
|
| 700 | 1 |
_aCarmichael, Joel, tr. _9223751 |
|
| 700 | 1 |
_aPerlmann, Moshe, jt. tr. _9223752 |
|
| 942 |
_2ddc _cRAR |
||
| 999 |
_c32390 _d32390 |
||